| 000 | 00638nam a2200205 i 4500 | ||
|---|---|---|---|
| 001 | 35118 | ||
| 003 | ES-MaACL | ||
| 005 | 20230906155046.0 | ||
| 007 | t| | ||
| 008 | 030212s1919 fr ||||1| fre d | ||
| 100 | 1 |
_aBordeaux, Henry. _930390 |
|
| 245 | 1 | 0 |
_aVies intimes _b: correspondances amoreuse ; Madame de Warens ; La dernière des condé ; Adélaide de Bellegarde / _cHenry Bordeaux. |
| 250 | _a9eme ed. | ||
| 260 |
_aParis : _bE. de Boccard, _c1919. |
||
| 300 |
_a364 p. ; _c19 cm. |
||
| 740 | 0 | _aMadame de Warens. | |
| 740 | 3 | _aLa dernière des condé. | |
| 740 | 0 | _aAdélaide de Bellegarde. | |
| 852 |
_aES-MaACL _jF-12846 |
||
| 999 |
_c35118 _d35118 |
||